Elements of probability and statistics / (Record no. 74600)
[ view plain ]
| 000 -LEADER | |
|---|---|
| fixed length control field | 00791nam a22002537a 4500 |
| 001 - CONTROL NUMBER | |
| control field | 74600 |
| 003 - CONTROL NUMBER IDENTIFIER | |
| rucl marc code | BD-RjUL |
| 005 - DATE AND TIME OF LATEST TRANSACTION | |
| control field | 20211209082557.0 |
| 008 - FIXED-LENGTH DATA ELEMENTS--GENERAL INFORMATION | |
| fixed length control field | 181031r20131993ii a|||| |||| 00| 0 eng d |
| 035 ## - SYSTEM CONTROL NUMBER | |
| System control number | (BD-RjUL)74818 |
| 040 ## - CATALOGING SOURCE | |
| Original cataloging agency | BD-RjUL |
| Language of cataloging | eng |
| Transcribing agency | BD-RjUL |
| 041 ## - LANGUAGE CODE | |
| Language code of text/sound track or separate title | eng |
| 082 ## - DEWEY DECIMAL CLASSIFICATION NUMBER | |
| Edition number | 23 |
| Classification number | 519.5 |
| Author mark and year | BAE 2013 |
| 100 ## - MAIN ENTRY--PERSONAL NAME | |
| Personal name | Baisnab, A. P . |
| 9 (RLIN) | 224566 |
| 245 ## - TITLE STATEMENT | |
| Title | Elements of probability and statistics / |
| Statement of responsibility, etc. | A P Baisnab, Manoranjan Jas. |
| 260 ## - PUBLICATION, DISTRIBUTION, ETC. (IMPRINT) | |
| Place of publication, distribution, etc. | New Delhi : |
| Name of publisher, distributor, etc. | Tata McGraw-Hill, |
| Date of publication, distribution, etc. | ©1993, [reprint 2013] |
| 300 ## - PHYSICAL DESCRIPTION | |
| Pagination | xii, 408 pages : |
| Illustrations | illustrations ; |
| Size | 22 cm |
| 504 ## - BIBLIOGRAPHY, ETC. NOTE | |
| Bibliography, etc | Includes bibliography and index. |
| 650 ## - SUBJECT ADDED ENTRY--TOPICAL TERM | |
| Topical term or geographic name as entry element | Mathematical statistics |
| 9 (RLIN) | 224571 |
| Topical term or geographic name as entry element | Probabilities |
| 9 (RLIN) | 224572 |
| Topical term or geographic name as entry element | Statistics |
| 9 (RLIN) | 224573 |
| 700 ## - ADDED ENTRY--PERSONAL NAME | |
| Personal name | Jas, Manoranjan |
| 942 ## - ADDED ENTRY ELEMENTS (KOHA) | |
| Source of classification or shelving scheme | Dewey Decimal Classification |
| Koha item type | Books |
| Lost status | Source of classification or shelving scheme | Damaged status | Not for loan | Collection code | Permanent Location | Current Location | Shelving location | Date acquired | Source of acquisition | Cost, normal purchase price | Total Checkouts | Full call number | Date last seen | Copy number | Koha item type |
|---|---|---|---|---|---|---|---|---|---|---|---|---|---|---|---|
| Dewey Decimal Classification | Not For Loan | Non-fiction | Central Library, University of Rajshahi | Central Library, University of Rajshahi | Reading Room | 10/10/2018 | Dhaka : Orbital International Inc. | 486.85 | 519.5 BAE 2013 | 31/10/2018 | C-1 | Books | |||
| Dewey Decimal Classification | Non-fiction | Central Library, University of Rajshahi | Central Library, University of Rajshahi | 10/10/2018 | Dhaka : Orbital International Inc. | 486.85 | 519.5 BAE 2013 | 31/10/2018 | C-2 | Books | |||||
| Dewey Decimal Classification | Non-fiction | Central Library, University of Rajshahi | Central Library, University of Rajshahi | 10/10/2018 | Dhaka : Orbital International Inc. | 486.85 | 519.5 BAE 2013 | 31/10/2018 | C-3 | Books | |||||
| Dewey Decimal Classification | Non-fiction | Central Library, University of Rajshahi | Central Library, University of Rajshahi | 10/10/2018 | Dhaka : Orbital International Inc. | 486.85 | 519.5 BAE 2013 | 31/10/2018 | C-4 | Books | |||||
| Dewey Decimal Classification | Non-fiction | Central Library, University of Rajshahi | Central Library, University of Rajshahi | 10/10/2018 | Dhaka : Orbital International Inc. | 486.85 | 519.5 BAE 2013 | 31/10/2018 | C-5 | Books |